Protons, Neutrons and Electrons - Statistics

General Stats
  • This quiz has been taken 7 times
  • The average score is 44 of 48
Answer Stats
Picture Answer % Correct
100
100%
100
100%
20
100%
20
100%
21
100%
21
100%
24
100%
24
100%
27
100%
27
100%
29
100%
29
100%
3
100%
3
100%
30
100%
30
100%
35
100%
35
100%
41
100%
41
100%
49
100%
49
100%
53
100%
53
100%
79
100%
79
100%
86
100%
86
100%
87
100%
87
100%
89
100%
89
100%
157
83%
20
83%
24
83%
28
83%
32
83%
34
83%
4
83%
118
67%
136
67%
136
67%
138
67%
45
67%
52
67%
66
67%
74
67%
34
50%
No matching quizzes found
Score Distribution
Percent of People with Each Score
Percentile by Number Answered
Your Score History
You have not taken this quiz